Differential algebra and algebraic groups

Αποθηκεύτηκε σε:
Λεπτομέρειες βιβλιογραφικής εγγραφής
Κύριος συγγραφέας: Kolchin, Ellis Robert 1916-
Μορφή: Βιβλίο
Γλώσσα:English
Δημοσίευση: New York : Academic Press, 1973
Σειρά:Pure and applied mathematics (Academic Press) ; 54
Θέματα:
Ετικέτες: Προσθήκη ετικέτας
Δεν υπάρχουν, Καταχωρήστε ετικέτα πρώτοι!

MARC

LEADER 00000nam a2200000 i 4500
001 1/60965
008 941103s1973 eng d
020 |a 0-12-417650-X 
035 |a 1990  |l 10046354 
040 |a GR-MY-UA  |b gre  |e aacr 
041 0 |a eng 
082 0 |a 512.56 
100 1 |a Kolchin, Ellis Robert  |d 1916- 
245 1 0 |a Differential algebra and algebraic groups /  |c E.R. Kolchin 
260 |a New York :   |b Academic Press,   |c 1973 
300 |a 446 p.;  |c 24 cm. 
490 1 |a Pure and applied mathematics (Academic Press)  |v ; 54 
504 |a Includes bibliographical referncesw and index 
650 0 0 |a Differential algebraic groups. 
830 0 |a Pure and applied mathematics (Academic Press)  |v ; 54 
852 |a INST  |b SAMOS  |e 19941103  |h 512.56 KOL  |p 005300001677  |q 005300001677  |t BK  |y 0 
909 |a Σ  |b 017158